Weavers of dreams, unite! (Record no. 12979)
[ view plain ]
| 000 -LEADER | |
|---|---|
| fixed length control field | 01361nam a2200325Ia 4500 |
| 082 04 - DEWEY DECIMAL CLASSIFICATION NUMBER | |
| Classification number | 331.88/11791430280973 |
| 100 1# - MAIN ENTRY--AUTHOR NAME | |
| Personal name | Holmes, Sean P. |
| 245 10 - TITLE STATEMENT | |
| Title | Weavers of dreams, unite! |
| 260 ## - PUBLICATION, DISTRIBUTION, ETC. (IMPRINT) | |
| Place of publication | Urbana : |
| Name of publisher | University of Illinois Press, |
| Year of publication | 2013. |
| 300 ## - PHYSICAL DESCRIPTION | |
| Number of Pages | 222 p. |
| 650 #0 - SUBJECT ADDED ENTRY--TOPICAL TERM | |
| Topical Term | Actors |
| Topical Term | Theater |
| 856 40 - ELECTRONIC LOCATION AND ACCESS | |
| Uniform Resource Identifier | http://site.ebrary.com/lib/rucke/Doc?id=10685401 |
No items available.
